000 00658nam a2200241 i 4500
001 C2-0293665
003 PPAK
005 20180728025459.0
008 090202s2008 my |||| ||||| | may d
020 _a9789833791460
040 _aPPAK
_beng
_cPPAK
_erda
082 0 4 _a297.44
_223
090 0 0 _a297.44
_bALA
_dG
100 1 _aAl-Asyqar, Sulaiman,
_eauthor
245 1 0 _aSukses dengan beribadah
264 1 _aPuchong, Selangor :
_bJasmin Enterprise ,
_c2008
300 _axii, 381 pages ;
_c22 cm
336 _2rdacontent
_atext
337 _2rdamedia
_aunmediated
338 _2rdacarrier
_avolume
650 1 0 _aReligious life Islam
942 _ddc
_cB
999 _c98352
_d98352